000 00392nam a22001697a 4500
005 20160628144730.0
008 160628b xxu||||| |||| 00| 0 eng d
020 _a0-14-303252-6
041 _aeng
082 _b10606
100 _aBornstein, David
_93082
245 _aHow to Change the world
260 _bPenguin Book
_c2005
300 _a282
650 _aManagement
_9241
942 _cBK
999 _c4476
_d4475